[Event "World Senior Teams +65"]
[Site "Radebeul GER"]
[Date "2016.06.30"]
[Round "5.7"]
[Board "1"]
[White "Romcovici, Victor"]
[Black "Krauseneck, Peter"]
[Result "1-0"]
[WhiteTitle "IM"]
[WhiteElo "2122"]
[BlackElo "2186"]
[WhiteTeam "Moldova"]
[BlackTeam "Eck-Gunners"]
[WhiteFideId "13900560"]
[BlackFideId "4602986"]
[EventDate "2016.06.26"]

1. d4 e6 2. Nf3 f5 3. Nc3 d5 4. Bf4 Nf6 5. h3 Bd7 6. e3 a6 7. Ne5 c5 8. g4 cxd4
9. exd4 Nc6 10. g5 Nxe5 11. Bxe5 Ne4 12. Nxe4 dxe4 13. Qh5+ Ke7 14. Be2 Qa5+ 15.
c3 Bb5 16. O-O Bxe2 17. Qxe2 Kf7 18. f3 exf3 19. Rxf3 h6 20. Qc4 Qd5 21. Qxd5
exd5 22. gxh6 Rxh6 23. Rxf5+ Kg8 24. Kh2 Bd6 25. Rg1 Bxe5+ 26. Rxe5 Rf8 27. Rxd5
Rf2+ 28. Rg2 Rf3 29. Rd8+ Kh7 30. Rd7 Rhxh3+ 31. Kg1 Rhg3 32. Rxb7 Rxg2+ 33.
Kxg2 Rd3 34. Kf2 a5 35. Ke2 Rh3 36. d5 Kg6 37. c4 Kf6 38. d6 g5 39. c5 Rh8 40.
d7 Rh2+ 41. Kd3 Ke7 42. c6 Rh6 43. Rb8 Rd6+ 44. Ke4 1-0

[Event "World Senior Teams +65"]
[Site "Radebeul GER"]
[Date "2016.06.30"]
[Round "5.7"]
[Board "2"]
[White "Weisenburger, Horst"]
[Black "Nevednichy, Boris M"]
[Result "0-1"]
[BlackTitle "IM"]
[WhiteElo "2170"]
[BlackElo "2122"]
[WhiteTeam "Eck-Gunners"]
[BlackTeam "Moldova"]
[WhiteFideId "4654536"]
[BlackFideId "13900080"]
[EventDate "2016.06.26"]

1. f4 d5 2. Nf3 Nf6 3. g3 c6 4. Bg2 Bg4 5. d3 Nbd7 6. O-O Bxf3 7. Bxf3 h5 8. e4
dxe4 9. dxe4 Qb6+ 10. Kh1 e5 11. Nc3 O-O-O 12. Qe2 Bd6 13. f5 Be7 14. Qc4 Rdf8
15. Nd5 Qc5 16. Nxe7+ Qxe7 17. Be3 Nb6 18. Qb3 Kc7 19. a4 Nfd7 20. a5 Nc8 21. h4
g6 22. Bg2 gxf5 23. Rxf5 a6 24. Raf1 Nd6 25. R5f2 Rhg8 26. Bh6 Re8 27. Bg5 Qe6
28. Qf3 f6 29. Bd2 Qg4 30. Kh2 Rg7 31. Qxg4 hxg4 32. Rd1 Nc4 33. Bb4 Nxb2 34.
Bd6+ Kc8 35. Bf1 0-1

[Event "World Senior Teams +65"]
[Site "Radebeul GER"]
[Date "2016.06.30"]
[Round "5.7"]
[Board "3"]
[White "Scovitin, Albert"]
[Black "Gass, Ulrich"]
[Result "1/2-1/2"]
[WhiteElo "2209"]
[BlackElo "2081"]
[WhiteTeam "Moldova"]
[BlackTeam "Eck-Gunners"]
[WhiteFideId "13906356"]
[BlackFideId "4683307"]
[EventDate "2016.06.26"]

1. c4 e5 2. Nc3 Nf6 3. e4 Bc5 4. g3 d6 5. h3 O-O 6. Bg2 Nc6 7. d3 a6 8. Nge2 h6
9. O-O b5 10. Kh2 b4 11. Nd5 Nxd5 12. cxd5 Nd4 13. Be3 c6 14. dxc6 Qb6 15. Nxd4
Bxd4 16. Bxd4 Qxd4 17. Qd2 Ra7 18. Rac1 Rc7 19. Rc4 Qa7 20. Qxb4 Rd8 21. b3 a5
22. Qd2 Be6 23. Rc2 Qb6 24. Rfc1 Rdc8 25. f4 f6 26. fxe5 fxe5 27. Rc3 Kh7 28.
R1c2 a4 29. bxa4 Qb4 30. Qc1 Qxa4 31. h4 Qd4 32. Bh3 Bxh3 33. Kxh3 d5 34. Qf1
dxe4 35. Qf5+ Kg8 36. Qxe4 Qxe4 37. dxe4 Kf7 38. Kg4 g6 39. Rc5 Ke6 40. a4 Rb8
41. R2c4 Rb3 42. Rb5 Ra3 43. Rb7 h5+ 44. Kg5 Rxg3+ 45. Kh6 Kd6 46. Rxc7 Kxc7 47.
a5 g5 48. a6 gxh4 49. Kxh5 h3 50. Rc1 h2 51. Rh1 Rg8 52. Kh4 Kxc6 53. Kh3 Kb6
54. Rb1+ Kxa6 55. Kxh2 Rg4 56. Rb8 Ka7 57. Re8 Rxe4 58. Kg3 Kb6 59. Kf3 Re1 60.
Kf2 1/2-1/2

[Event "World Senior Teams +65"]
[Site "Radebeul GER"]
[Date "2016.06.30"]
[Round "5.7"]
[Board "4"]
[White "Freise, Eckhard"]
[Black "Gyrlea, Viktor"]
[Result "1/2-1/2"]
[BlackTitle "IM"]
[WhiteElo "2003"]
[BlackElo "2384"]
[WhiteTeam "Eck-Gunners"]
[BlackTeam "Moldova"]
[WhiteFideId "4652193"]
[BlackFideId "13900803"]
[EventDate "2016.06.26"]

1. d4 d5 2. c4 c6 3. Nf3 Nf6 4. cxd5 cxd5 5. Nc3 Nc6 6. Bf4 a6 7. e3 e6 8. Bd3
Be7 9. h3 O-O 10. O-O h6 11. Rc1 Nd7 12. Qe2 Re8 13. Rfd1 Nf8 14. e4 Bf6 15. e5
Be7 16. a3 Qa5 17. Bd2 Qb6 18. b4 Nxd4 19. Nxd4 Qxd4 20. Bxh6 Qh4 21. Be3 Bd7
22. Bb1 Rac8 23. Rd4 Qh8 24. f4 g6 25. Rdd1 b5 26. Qf2 Rc6 27. Ne2 Rec8 28. Rxc6
Rxc6 29. Rc1 Qh4 30. Qf1 Rc4 31. Bd3 Bc6 32. Nd4 Bb7 33. Nf3 Qh7 34. Bxc4 dxc4
35. Bc5 f5 36. Rd1 Bxc5+ 37. bxc5 Qc7 38. Qf2 Bd5 39. Kh2 Nd7 40. Qh4 Nxc5 41.
Qf6 Qf7 42. Qd8+ Qf8 43. Qc7 Ne4 44. Nd4 Nc3 1/2-1/2

[Event "World Senior Teams +65"]
[Site "Radebeul GER"]
[Date "2016.06.30"]
[Round "5.8"]
[Board "1"]
[White "Liebert, Heinz"]
[Black "Werner, Clemens"]
[Result "1/2-1/2"]
[WhiteTitle "IM"]
[BlackTitle "FM"]
[WhiteElo "2182"]
[BlackElo "2334"]
[WhiteTeam "Sachsen-Anhalt"]
[BlackTeam "Germany 1"]
[WhiteFideId "4611438"]
[BlackFideId "4604636"]
[EventDate "2016.06.26"]

1. Nf3 d5 2. c4 c6 3. d4 Nf6 4. Qc2 g6 5. e3 Bg7 6. Nc3 O-O 7. Bd2 Bf5 8. Bd3 e6
9. Bxf5 exf5 10. cxd5 Nxd5 11. Qb3 Nxc3 12. bxc3 Qc7 13. O-O Nd7 14. Rab1 1/2-1/2

[Event "World Senior Teams +65"]
[Site "Radebeul GER"]
[Date "2016.06.30"]
[Round "5.8"]
[Board "2"]
[White "Baum, Bernd"]
[Black "Bondick, Karl-Heinz"]
[Result "1/2-1/2"]
[WhiteTitle "FM"]
[WhiteElo "2237"]
[BlackElo "2055"]
[WhiteTeam "Germany 1"]
[BlackTeam "Sachsen-Anhalt"]
[WhiteFideId "4611853"]
[BlackFideId "4692071"]
[EventDate "2016.06.26"]

1. e4 e5 2. Nc3 c6 3. Nf3 d6 4. d4 Bg4 5. dxe5 Bxf3 6. Qxf3 dxe5 7. Bc4 Qf6 8.
Qg3 Nd7 9. O-O Qg6 10. Qxg6 hxg6 11. Be3 Ngf6 12. f3 a5 13. a3 Be7 14. Nd1 O-O 1/2-1/2

[Event "World Senior Teams +65"]
[Site "Radebeul GER"]
[Date "2016.06.30"]
[Round "5.8"]
[Board "3"]
[White "Bocionek, Dieter"]
[Black "Haakert, Juergen"]
[Result "1-0"]
[BlackTitle "FM"]
[WhiteElo "1956"]
[BlackElo "2341"]
[WhiteTeam "Sachsen-Anhalt"]
[BlackTeam "Germany 1"]
[WhiteFideId "12944106"]
[BlackFideId "4602277"]
[EventDate "2016.06.26"]

1. d4 Nf6 2. Nc3 c5 3. d5 d6 4. e4 g6 5. Nge2 Bg7 6. Ng3 O-O 7. Be2 e6 8. O-O
Na6 9. Bxa6 bxa6 10. Bf4 Qb6 11. Rb1 exd5 12. Nxd5 Nxd5 13. Qxd5 Be6 14. Qxd6
Bxa2 15. Rbd1 Bxb2 16. Be3 Rac8 17. Qf4 Qc7 18. Qh4 Rfd8 19. Bf4 Qa5 20. e5 Bd5
21. Nh5 gxh5 22. Qg5+ Kf8 23. Qf6 c4 24. Bg5 Ke8 25. Qe7# 1-0

[Event "World Senior Teams +65"]
[Site "Radebeul GER"]
[Date "2016.06.30"]
[Round "5.8"]
[Board "4"]
[White "Kierzek, Matthias"]
[Black "Ruemmler, Roland"]
[Result "1/2-1/2"]
[WhiteElo "2230"]
[BlackElo "1952"]
[WhiteTeam "Germany 1"]
[BlackTeam "Sachsen-Anhalt"]
[WhiteFideId "4647009"]
[BlackFideId "4636180"]
[EventDate "2016.06.26"]

1. d4 Nf6 2. c4 c5 3. d5 d6 4. Nc3 g6 5. e4 Bg7 6. Be2 O-O 7. Bg5 Na6 8. Qd2 Nc7
9. Nf3 a6 10. a4 Rb8 11. O-O Bd7 12. e5 dxe5 13. Nxe5 Nce8 14. Be3 Qc7 15. Nxd7
Nxd7 16. Ne4 Nd6 17. Nxd6 exd6 18. Bh6 Rbe8 19. Bxg7 Kxg7 20. Ra3 f5 21. Re1 Re7
22. Bf1 Rfe8 23. Rae3 Nf8 24. h4 h5 25. Qc3+ Kf7 26. b3 Rxe3 27. Rxe3 Rxe3 28.
Qxe3 a5 29. Kh2 Qe7 30. Qxe7+ Kxe7 31. Kg3 Kf6 32. Kf4 Nd7 33. Be2 Ne5 34. f3 1/2-1/2

[Event "World Senior Teams +65"]
[Site "Radebeul GER"]
[Date "2016.06.30"]
[Round "5.9"]
[Board "1"]
[White "Lehmann, Karl-Heinz"]
[Black "Haase, Wolfgang"]
[Result "1/2-1/2"]
[WhiteElo "2108"]
[BlackElo "2144"]
[WhiteTeam "Stiftung BSW / DBAG I"]
[BlackTeam "Hessen 2"]
[WhiteFideId "4617576"]
[BlackFideId "4627440"]
[EventDate "2016.06.26"]

1. d4 g6 2. g3 Bg7 3. Bg2 f5 4. c4 d6 5. Nf3 Nh6 6. O-O Nf7 7. Nc3 c6 8. Qd3 O-O
9. d5 e5 10. dxe6 Bxe6 11. b3 1/2-1/2

[Event "World Senior Teams +65"]
[Site "Radebeul GER"]
[Date "2016.06.30"]
[Round "5.9"]
[Board "2"]
[White "Benninger, Rudolf"]
[Black "Kugelmann, Werner"]
[Result "1/2-1/2"]
[WhiteElo "2099"]
[BlackElo "2144"]
[WhiteTeam "Hessen 2"]
[BlackTeam "Stiftung BSW / DBAG I"]
[WhiteFideId "4699564"]
[BlackFideId "4671856"]
[EventDate "2016.06.26"]

1. e4 e6 2. d4 d5 3. e5 c5 4. c3 Nc6 5. Nf3 Qb6 6. a3 Bd7 7. b4 cxd4 8. cxd4 Rc8
9. Be3 Nh6 10. Bd3 Nf5 11. O-O Be7 12. Nbd2 Nxe3 13. fxe3 O-O 14. Nb3 Qd8 15.
Rc1 b6 16. Qe2 Nb8 17. h4 Rxc1 18. Rxc1 Ba4 19. Nbd2 Bd7 20. h5 f5 21. exf6 gxf6
22. e4 Be8 23. exd5 exd5 24. Nh4 Kh8 25. Nf5 Bd6 26. Qf3 Rg8 27. Nxd6 Qxd6 28.
Qf5 Qe7 29. Nf3 Bd7 30. Qf4 Nc6 31. Qh6 Rg7 32. b5 Nd8 33. Rc7 Qd6 34. Rc2 Nf7
35. Qe3 Qg3 36. Qf2 Qd6 37. Nh4 Ng5 38. Kh1 Ne4 39. Bxe4 dxe4 40. Nf5 Bxf5 41.
Qxf5 Qxd4 42. Rc8+ Rg8 43. h6 Qd1+ 44. Kh2 Qd6+ 45. Kh1 Qd1+ 1/2-1/2

[Event "World Senior Teams +65"]
[Site "Radebeul GER"]
[Date "2016.06.30"]
[Round "5.9"]
[Board "3"]
[White "Baumbach, Friedrich"]
[Black "Niebling, Ferdinand"]
[Result "1-0"]
[WhiteTitle "FM"]
[WhiteElo "2193"]
[BlackElo "2132"]
[WhiteTeam "Stiftung BSW / DBAG I"]
[BlackTeam "Hessen 2"]
[WhiteFideId "4611721"]
[BlackFideId "4638425"]
[EventDate "2016.06.26"]

1. d4 f5 2. Nf3 Nf6 3. g3 g6 4. Bg2 Bg7 5. O-O d6 6. c4 O-O 7. Nc3 Qe8 8. d5 c6
9. Nd4 Bd7 10. Qb3 c5 11. Ne6 Bxe6 12. Qxb7 Bc8 13. Qxa8 Na6 14. Qc6 Qd8 15. Qa4
Ng4 16. h3 Ne5 17. Bf4 Nd7 18. Bd2 Nb6 19. Qb3 Bd7 20. Nb5 Qb8 21. a4 h6 22. Bc3
Re8 23. Bxg7 Kxg7 24. Qc3+ Kh7 25. b3 Nb4 26. Rae1 Bxb5 27. axb5 e5 28. dxe6
Rxe6 29. e4 1-0

[Event "World Senior Teams +65"]
[Site "Radebeul GER"]
[Date "2016.06.30"]
[Round "5.9"]
[Board "4"]
[White "Falk, Thomas"]
[Black "Fleuch, Hans-Juergen"]
[Result "1/2-1/2"]
[WhiteElo "2094"]
[BlackElo "2078"]
[WhiteTeam "Hessen 2"]
[BlackTeam "Stiftung BSW / DBAG I"]
[WhiteFideId "4634624"]
[BlackFideId "4619617"]
[EventDate "2016.06.26"]

1. d4 g6 2. c4 Bg7 3. Nf3 c6 4. Bf4 Nf6 5. Nc3 O-O 6. h3 d5 7. e3 Nbd7 8. Rc1
Nb6 9. b3 h6 10. Bd3 Bf5 11. O-O Bxd3 12. Qxd3 e6 13. Rfd1 Nc8 14. e4 dxe4 15.
Nxe4 Nxe4 16. Qxe4 Nd6 17. Qd3 Re8 18. Be5 Nf5 19. Qc3 Rc8 20. Rd3 Qe7 21. a4 f6
22. Bh2 c5 23. dxc5 e5 24. Nd2 Qxc5 25. Ne4 Qe7 26. Rd5 Nd4 27. Re1 Red8 28.
Rxd8+ Rxd8 29. c5 Qc7 30. Qc4+ Qf7 31. Qxf7+ Kxf7 32. b4 Ke6 33. f4 Nc2 34. Rb1
Rd4 35. Nd6 Rxb4 36. Rxb4 Nxb4 37. fxe5 fxe5 38. Nxb7 Kd5 39. Kf1 Bf6 40. Ke2
Na6 41. Bg1 Nb8 42. Nd6 Kc6 43. Kd3 1/2-1/2

[Event "World Senior Teams +65"]
[Site "Radebeul GER"]
[Date "2016.06.30"]
[Round "5.10"]
[Board "1"]
[White "Ager, Josef"]
[Black "Opl, Klaus1"]
[Result "1/2-1/2"]
[BlackTitle "FM"]
[WhiteElo "2158"]
[BlackElo "2230"]
[WhiteTeam "Niederoesterreich"]
[BlackTeam "Wien 1"]
[WhiteFideId "1607138"]
[BlackFideId "1600672"]
[EventDate "2016.06.26"]

1. e4 e5 2. Nf3 Nc6 3. Bb5 a6 4. Ba4 Nf6 5. O-O Be7 6. Re1 b5 7. Bb3 d6 8. c3
O-O 9. h3 Na5 10. Bc2 c5 11. d4 Qc7 12. Nbd2 cxd4 13. cxd4 Rd8 1/2-1/2

[Event "World Senior Teams +65"]
[Site "Radebeul GER"]
[Date "2016.06.30"]
[Round "5.10"]
[Board "2"]
[White "Dueckstein, Andreas"]
[Black "Gneiss, Karl"]
[Result "1/2-1/2"]
[WhiteTitle "IM"]
[WhiteElo "2084"]
[BlackElo "2183"]
[WhiteTeam "Wien 1"]
[BlackTeam "Niederoesterreich"]
[WhiteFideId "1600168"]
[BlackFideId "1605844"]
[EventDate "2016.06.26"]

1. f4 d5 2. Nf3 Nf6 3. e3 c5 4. b3 Nc6 5. Bb2 Bg4 6. Bb5 Qc7 7. O-O e6 8. h3
Bxf3 9. Bxc6+ Qxc6 10. Qxf3 Be7 1/2-1/2

[Event "World Senior Teams +65"]
[Site "Radebeul GER"]
[Date "2016.06.30"]
[Round "5.10"]
[Board "4"]
[White "Teichmeister, Sven"]
[Black "Woeber, Friedrich"]
[Result "1/2-1/2"]
[WhiteElo "2005"]
[BlackElo "2116"]
[WhiteTeam "Wien 1"]
[BlackTeam "Niederoesterreich"]
[WhiteFideId "1614797"]
[BlackFideId "1604694"]
[EventDate "2016.06.26"]

1. e4 e5 2. Nf3 Nc6 3. d4 exd4 4. Bc4 Nf6 5. e5 d5 6. Bb5 Ne4 7. Nxd4 Bc5 8.
Nxc6 Bxf2+ 9. Kf1 Qh4 10. Nxa7+ c6 11. Nxc8 Rxc8 12. Be2 Bd4 13. Qe1 Bf2 14. Qd1
Ba7 15. Qe1 Bf2 1/2-1/2

[Event "World Senior Teams +65"]
[Site "Radebeul GER"]
[Date "2016.06.30"]
[Round "5.11"]
[Board "1"]
[White "Kolbak, Jens"]
[Black "Rosen, Willy"]
[Result "1/2-1/2"]
[BlackTitle "FM"]
[WhiteElo "2178"]
[BlackElo "2266"]
[WhiteTeam "Denmark"]
[BlackTeam "Sportfreunde Katernberg"]
[WhiteFideId "1400339"]
[BlackFideId "4605535"]
[EventDate "2016.06.26"]

1. e4 c5 2. Nf3 Nc6 3. Bb5 g6 4. O-O Bg7 5. Bxc6 bxc6 6. Nc3 e5 7. d3 d6 8. Be3
Nf6 9. h3 O-O 10. Qd2 Rb8 11. Rab1 Ne8 12. Nh2 Nc7 13. f4 exf4 14. Bxf4 Ne6 15.
Bg3 Nd4 16. Nf3 Be6 17. Nd1 Rb7 18. b3 d5 19. Nxd4 Bxd4+ 20. Nf2 dxe4 21. dxe4
Rd7 22. Kh1 Be5 23. Qe3 Bxg3 24. Qxg3 Rd2 25. Rbd1 Qd4 26. c3 Qd7 27. Qe3 Rxd1
28. Rxd1 Qe7 29. Qf4 Rd8 1/2-1/2

[Event "World Senior Teams +65"]
[Site "Radebeul GER"]
[Date "2016.06.30"]
[Round "5.11"]
[Board "2"]
[White "Hassenrueck, Helmut"]
[Black "Olesen, Poul Erik Norgaard"]
[Result "1-0"]
[WhiteElo "2231"]
[BlackElo "2020"]
[WhiteTeam "Sportfreunde Katernberg"]
[BlackTeam "Denmark"]
[WhiteFideId "4670302"]
[BlackFideId "1404253"]
[EventDate "2016.06.26"]

1. d4 Nf6 2. Nf3 g6 3. c4 Bg7 4. Nc3 O-O 5. e4 d6 6. Be2 e5 7. O-O exd4 8. Nxd4
Re8 9. f3 Nc6 10. Be3 Nxd4 11. Bxd4 c6 12. Qd2 Be6 13. Rad1 Qc7 14. f4 Bg4 15.
Bxf6 Bxe2 16. Bxg7 Bxf1 17. Bf6 Bxc4 18. f5 Re6 19. fxe6 fxe6 20. Qxd6 1-0

[Event "World Senior Teams +65"]
[Site "Radebeul GER"]
[Date "2016.06.30"]
[Round "5.11"]
[Board "3"]
[White "Mortensen, Steen Juul"]
[Black "Krueger, Erich"]
[Result "0-1"]
[WhiteElo "2002"]
[BlackElo "2198"]
[WhiteTeam "Denmark"]
[BlackTeam "Sportfreunde Katernberg"]
[WhiteFideId "1408143"]
[BlackFideId "4624718"]
[EventDate "2016.06.26"]

1. d4 Nf6 2. c4 g6 3. Nc3 Bg7 4. e4 d6 5. Nf3 O-O 6. Be2 e5 7. O-O Na6 8. Be3
Ng4 9. Bg5 Qe8 10. h3 exd4 11. Nxd4 Nf6 12. Bf3 Nd7 13. Re1 Ne5 14. Be2 Be6 15.
Nd5 f6 16. Bh4 c6 17. Ne3 Bh6 18. Nxe6 Qxe6 19. Ng4 Bg7 20. Ne3 Nc5 21. Qc2 a5
22. Rad1 Rad8 23. f4 Nf7 24. Bf3 Rfe8 25. Nf1 Nh6 26. Bf2 f5 27. e5 Ne4 28. Bb6
Rd7 29. exd6 Rxd6 30. Rxd6 Qxd6 31. Rd1 Qb4 32. Be3 Nf7 33. c5 a4 34. Rb1 Bd4
35. Bxd4 Qxd4+ 36. Kh1 Nf2+ 37. Kh2 Qxf4+ 38. Ng3 Nxh3 39. Kxh3 Ng5+ 40. Kh2
Qh4+ 41. Kg1 Nxf3+ 0-1

[Event "World Senior Teams +65"]
[Site "Radebeul GER"]
[Date "2016.06.30"]
[Round "5.11"]
[Board "4"]
[White "Armbruester, Juergen"]
[Black "Andersson, Finn"]
[Result "1/2-1/2"]
[WhiteElo "1964"]
[BlackElo "1816"]
[WhiteTeam "Sportfreunde Katernberg"]
[BlackTeam "Denmark"]
[WhiteFideId "24681229"]
[BlackFideId "1420232"]
[EventDate "2016.06.26"]

1. e4 c5 2. Nf3 Nc6 3. d4 cxd4 4. Nxd4 Nf6 5. Nc3 e5 6. Ndb5 d6 7. Bg5 a6 8. Na3
b5 9. Nd5 Be7 10. Bxf6 Bxf6 11. c3 O-O 12. Nc2 Rb8 13. Bd3 Ne7 14. Nce3 Be6 15.
Nxf6+ gxf6 16. O-O Qd7 17. f4 Qa7 18. Qe2 Kh8 19. f5 Bc4 20. Kh1 d5 21. Bxc4
dxc4 22. Rad1 Rbd8 23. Ng4 Qb6 24. Qe3 1/2-1/2

[Event "World Senior Teams +65"]
[Site "Radebeul GER"]
[Date "2016.06.30"]
[Round "5.12"]
[Board "1"]
[White "Hutchinson, Norman A"]
[Black "Malmdin, Nils-Ake"]
[Result "1/2-1/2"]
[BlackTitle "FM"]
[WhiteElo "2061"]
[BlackElo "2174"]
[WhiteTeam "England 2"]
[BlackTeam "Sweden 1"]
[WhiteFideId "411540"]
[BlackFideId "1701584"]
[EventDate "2016.06.26"]

1. e4 g6 2. d4 Bg7 3. c3 d5 4. e5 c5 5. h4 h5 6. Bd3 Nc6 7. Ne2 Nh6 8. Nd2 cxd4
9. cxd4 Qa5 10. O-O Bg4 11. Nb3 Qb6 12. Be3 Nf5 13. Bxf5 Bxf5 14. Ng3 Bg4 15.
Qd2 O-O-O 16. Rfc1 Kb8 17. Rc5 f6 18. Qd3 fxe5 19. Rb5 Qc7 20. Nc5 Ka8 21. Rxb7
Qd6 22. Qa6 Bc8 23. dxe5 Bxe5 24. Qb5 Nd4 25. Qb4 Nc6 26. Qb5 Nd4 27. Qb4 1/2-1/2

[Event "World Senior Teams +65"]
[Site "Radebeul GER"]
[Date "2016.06.30"]
[Round "5.12"]
[Board "2"]
[White "Hammar, Bengt"]
[Black "Reuben, Stewart"]
[Result "1/2-1/2"]
[WhiteTitle "FM"]
[BlackTitle "CM"]
[WhiteElo "2164"]
[BlackElo "2033"]
[WhiteTeam "Sweden 1"]
[BlackTeam "England 2"]
[WhiteFideId "1700391"]
[BlackFideId "405256"]
[EventDate "2016.06.26"]

1. e4 c5 2. Nf3 g6 3. c4 Bg7 4. d4 Nc6 5. dxc5 Qa5+ 6. Bd2 Qxc5 7. Nc3 Nd4 8.
Bd3 d6 9. Nxd4 Bxd4 10. O-O Nf6 11. h3 Nd7 12. Qb3 O-O 13. Nb5 Ne5 14. Be2 a6
15. Nxd4 Qxd4 16. Qc2 f5 17. exf5 Bxf5 18. Qc3 Qxc3 19. Bxc3 Bd3 20. Rfe1 Bxe2
21. Rxe2 Nc6 22. a4 Rf4 23. b3 Kf8 24. Rd1 Rc8 25. Rd3 b6 26. g3 Rf5 27. g4 Rf4
28. Kg2 Rc7 29. Kg3 Rf7 30. h4 Rd7 31. Rd5 Ke8 32. h5 gxh5 33. Rxh5 e5 34. Rh6
Kd8 35. Rd2 Kc7 36. Rd3 Ne7 37. Rf3 Ng6 38. Rxf7 Rxf7 39. Bd2 Kc6 40. Be3 Rb7
41. Rh1 d5 42. cxd5+ Kxd5 43. Rd1+ Kc6 44. Rd8 a5 45. Kf3 Rf7+ 46. Ke4 Rb7 47.
Kf5 Kc7 48. Rd3 Kc6 49. g5 b5 50. Bd2 bxa4 51. bxa4 Rf7+ 52. Ke6 Rxf2 53. Rd5
Kb7 54. Bxa5 Rf4 55. Rb5+ Ka7 56. Rb4 Ka6 57. Rxf4 Nxf4+ 58. Kxe5 Ng6+ 59. Kf6
Kxa5 60. Kg7 Ne5 1/2-1/2

[Event "World Senior Teams +65"]
[Site "Radebeul GER"]
[Date "2016.06.30"]
[Round "5.12"]
[Board "3"]
[White "Cooper, John G"]
[Black "Nyberg, Ulf"]
[Result "1/2-1/2"]
[WhiteElo "1941"]
[BlackElo "2161"]
[WhiteTeam "England 2"]
[BlackTeam "Sweden 1"]
[WhiteFideId "416096"]
[BlackFideId "1705083"]
[EventDate "2016.06.26"]

1. d4 Nf6 2. Nf3 c5 3. c3 b6 4. Bf4 Bb7 5. Nbd2 cxd4 6. cxd4 g6 7. Rc1 d6 8. e3
Bg7 9. Bb5+ Nbd7 10. Qe2 O-O 11. e4 Nh5 12. Be3 e5 13. O-O Rc8 14. Ba6 Bxa6 15.
Qxa6 Rc7 16. Nb3 exd4 17. Nfxd4 Nc5 18. Qe2 Nxe4 19. Rxc7 Qxc7 20. Rc1 Nc5 21.
Nb5 Qe7 22. N3d4 Re8 23. b4 Bxd4 24. Nxd4 Ne6 25. Nc6 Qd7 26. Qa6 d5 27. Qxa7
Qxa7 28. Nxa7 d4 29. Bd2 Nf6 30. f3 Nd5 31. a4 Ra8 32. Rc8+ Rxc8 33. Nxc8 Kf8
34. a5 bxa5 35. bxa5 Nc5 36. Kf2 Ke8 37. Nd6+ Ke7 38. Nb5 Nb3 39. Ke2 Kd7 40.
Kd3 Nxd2 41. Kxd2 Ne3 42. Nxd4 Nc4+ 43. Kd3 Nxa5 44. Ke4 Nc4 45. g4 Ke7 46. h4
Kf6 47. g5+ Kg7 48. Kf4 h5 49. Nc6 Nd6 50. Nd4 f6 51. Ne6+ Kf7 52. Nd4 Nc4 53.
gxf6 Kxf6 54. Nc6 Nd6 55. Nd4 Nf7 56. Nc6 Ke6 57. Nd4+ 1/2-1/2

[Event "World Senior Teams +65"]
[Site "Radebeul GER"]
[Date "2016.06.30"]
[Round "5.12"]
[Board "4"]
[White "Nordstrom, Felix"]
[Black "Mashayekh, Majid"]
[Result "1/2-1/2"]
[WhiteTitle "FM"]
[WhiteElo "2093"]
[BlackElo "1922"]
[WhiteTeam "Sweden 1"]
[BlackTeam "England 2"]
[WhiteFideId "1701509"]
[BlackFideId "406015"]
[EventDate "2016.06.26"]

1. d4 Nf6 2. c4 e6 3. Nc3 d5 4. Bg5 Be7 5. e3 Nbd7 6. Nf3 c6 7. Qc2 O-O 8. Rd1
Re8 9. Bd3 Nf8 10. O-O dxc4 11. Bxc4 Nd5 12. Bxe7 Qxe7 13. Ne4 Nf6 14. Bd3 Nxe4
15. Bxe4 Rd8 16. a3 Bd7 17. b4 Be8 18. Qc3 f6 19. Nd2 Bh5 20. Rc1 Bg6 21. f4
Bxe4 22. Nxe4 Nd7 23. Qb3 f5 24. Ng5 Re8 25. g3 h6 26. Nf3 Kh7 27. Rfe1 Nf6 28.
a4 Red8 29. Ne5 Rd5 30. Rc4 Ne4 31. Qb2 a6 1/2-1/2

[Event "World Senior Teams +65"]
[Site "Radebeul GER"]
[Date "2016.06.30"]
[Round "5.13"]
[Board "1"]
[White "Happel, Henk"]
[Black "Harestad, Thor Geir"]
[Result "1/2-1/2"]
[WhiteTitle "FM"]
[BlackTitle "FM"]
[WhiteElo "2101"]
[BlackElo "2192"]
[WhiteTeam "Koninklijke DD"]
[BlackTeam "Norway 1"]
[WhiteFideId "1001078"]
[BlackFideId "1500414"]
[EventDate "2016.06.26"]

1. d4 c5 2. d5 Nf6 3. c4 b5 4. cxb5 a6 5. bxa6 d6 6. Nc3 Bxa6 7. Nf3 g6 8. g3
Bg7 9. Bg2 O-O 10. O-O Qa5 11. Bd2 Qb6 12. Qc2 Nbd7 13. Rfd1 Rfb8 14. b3 c4 15.
Rab1 Ng4 16. Be1 cxb3 17. Rxb3 Qc5 18. Rdb1 Rc8 19. Qd1 Ra7 20. h3 Nge5 21. Nxe5
Bxe5 22. Kh2 Rac7 23. Nb5 Bxb5 24. Rxb5 Qc4 25. a4 h5 26. R5b4 Qa2 27. Rb7 h4
28. Bf3 hxg3+ 29. fxg3 Nc5 30. Rxc7 Rxc7 31. a5 f5 32. Rb8+ Kg7 33. Qb1 Qa4 34.
Qb4 Qxb4 35. Rxb4 Ra7 36. Rb5 Bd4 37. Bd2 Kf6 38. h4 Na6 39. e4 Rc7 40. Bg5+ Kg7
41. exf5 gxf5 42. Kh3 Kg6 43. Bf4 Rc3 44. h5+ Kf7 45. Bg2 Nc5 46. Rb4 Bf6 47. h6
Ra3 48. Rb8 Kg6 49. Rg8+ Kh7 50. Ra8 Nd3 51. Kh2 Ra2 52. Kh1 Nf2+ 53. Kg1 Nd3
54. Bh3 Bd4+ 55. Kh1 Nf2+ 56. Kg2 Nd3+ 57. Kh1 Nxf4 58. gxf4 Kxh6 59. Bxf5 Kh5
60. Rg8 Bf6 61. Rg3 Kh6 62. Rh3+ Kg7 63. Be6 Ra1+ 64. Kg2 Ra2+ 65. Kf3 Rxa5 66.
Ke4 Ra1 67. Kf5 Rg1 68. Ra3 Rh1 69. Rg3+ Kh7 70. Bg8+ Kh8 71. Ke6 Rh6 72. Kf7
Bh4 73. Rh3 Rf6+ 74. Kxe7 Rxf4+ 75. Kxd6 Kxg8 76. Ra3 1/2-1/2